Statistics for Countries With The Most Light-Eyed People

Click here to take the quiz!

General Stats

  • This quiz has been taken 55 times
  • The average score is 34 of 38

Answer Stats

%Country% Correct
85Sweden
100%
68United Kingdom
100%
40Canada
98%
82Ireland
98%
86Norway
98%
55Austria
96%
95Estonia
96%
90Finland
96%
73Germany
96%
70Poland
96%
65Russia
96%
68Slovakia
96%
26Spain
96%
86Denmark
93%
96Iceland
93%
92Latvia
93%
89Lithuania
93%
77Netherlands
93%
36United States
93%
72Czech Republic
91%
48France
91%
43Slovenia
91%
48Australia
89%
59Belgium
89%
52Switzerland
89%
82Belarus
87%
45New Zealand
87%
27Serbia
87%
56Ukraine
87%
40Croatia
85%
30Italy
85%
45Hungary
83%
67Luxembourg
80%
35Romania
80%
38Bosnia and Herzegovina
76%
52Moldova
72%
32Argentina
50%
30Uruguay
50%

Score Distribution

Percentile by Number Answered

Percent of People with Each Score

Your Score History

You have not taken this quiz